000 00529nam a22001937a 4500
003 KOHA_MİRAKIL
005 20250409141255.0
008 250409b tu ||||| |||| 00| 0 tur d
020 _a9786057682123
040 _aTR-AnABB
_btur
_cTR-AnABB
041 _atur
082 _a813.42
_bMEN 2019
100 1 _aMenşure, Füsun,
245 1 0 _aRüzgarlı sokak /
_cFüsun Menşure
260 _aİstanbul:
_bPost Yayınevi,
_c2019
300 _a143 sayfa ;
_c20 cm
650 0 4 _aTürk edebiyatı, roman
942 _2ddc
_cBK
999 _c8609
_d8609
900 _bGizem YORULMAZ